00361nam a2200121Ia 450000500170000000800410001708200160005810000210007424500460009526000410014130000090018265000480019120240821152131.0240821s9999||||xx |||||||||||||| ||und|| a730.954 CAM aCameron, Rodenck 0aShadow from India : An architecture album aBombaybD.B. Taraporevala Sonsc1958 a213p aArts, Crafts, Music, Sports and Recreations